| 000 | 00354nam a2200145Ia 4500 | ||
|---|---|---|---|
| 005 | 20250408031943.0 | ||
| 008 | 240331s9999 xx 000 0 und d | ||
| 082 |
_bTHI _a294 |
||
| 100 | _aSarathi,R.P | ||
| 245 | 0 | _aThirukural | |
| 260 |
_aChennai _bKilakku pathippagam _c2004 |
||
| 300 | _a296 p ., | ||
| 500 | _aThirukural miga eliya oorai | ||
| 942 | _cL | ||
| 999 |
_c4724 _d4724 |
||